Capocannonieri dei Mondiali di Calcio - Statistics

Statistiche generali
  • Questo quiz è stato fatto 470 volte
  • Il punteggio medio è 11 su 31
Statistiche sulle risposte
Edizione Nazione Capocannoniere % Corretto
2022 Francia Kylian Mbappé
94%
2002 Brasile Ronaldo
85%
2006 Germania Miroslav Klose
83%
2014 Colombia James Rodríguez
64%
1982 Italia Paolo Rossi
62%
2010 Uruguay Diego Forlán
58%
2018 Inghilterra Harry Kane
56%
1990 Italia Salvatore Schillaci
55%
2010 Spagna David Villa
53%
1994 Bulgaria Hristo Stoičkov
53%
1966 Portogallo Eusébio
50%
1998 Croazia Davor Šuker
44%
1970 Germania Ovest Gerd Müller
42%
2010 Germania Thomas Müller
40%
2010 Olanda Wesley Sneijder
36%
1958 Francia Just Fontaine
32%
1962 Brasile Garrincha
29%
1986 Inghilterra Gary Lineker
29%
1978 Argentina Mario Kempes
29%
1974 Polonia Grzegorz Lato
22%
1962 Brasile Vavà
19%
1954 Ungheria Sándor Kocsis
14%
1994 Russia Oleg Salenko
12%
1938 Brasile Leônidas
10%
1950 Brasile Ademir
9%
1962 Ungheria Flórián Albert
6%
1930 Uruguay Guillermo Stabile
6%
1962 Cile Leonel Sánchez
6%
1934 Cecoslovacchia Oldřich Nejedlý
4%
1962 Unione Sovietica Valentin Koz'mič Ivanov
3%
1962 Jugoslavia Dražan Jerković
2%
Nessun quiz corrispondente trovato
Distribuzione punteggi
Percentuale di utenti per punteggio
Percentile per numero di risposta
I tuoi punteggi nel tempo
Non hai fatto questo quiz